000 00690nam a2200217Ii 4500
003 JO-AjNU
008 230605s9999||||xx |||||||||||||| ||und||
017 _a2007/1/225
040 _aJO-AjNU
_bara
_erda
_cJO-AjNU
041 _aara
050 1 4 _aLB1590.A28 2008
100 3 _aعبوي، زيد منير ,
_eauthor
_961066
245 0 0 _aالتفكير الفعال
250 _aط1
264 3 1 _aعمان: دار رالبداية ناشرون وموزعون ، 2008
300 _a207ص
336 _atext
_btxt
_2rdacontent
337 _aunmediated
_bn
_2rdamedia
338 _avolume
_bnc
_2rdacarrier
650 4 _aالتفكير المبدع- التعليم- الذكرة
_961067
999 _aA27579
_c31147
_d31147